[Event "Villarrica op 1st"]
[Site "Villarrica"]
[Date "2021.02.28"]
[Round "5"]
[White "Toledo, Orlando"]
[Black "Mareco, Matias"]
[Result "1-0"]
[WhiteElo "1761"]
[BlackElo "1413"]
[PlyCount "53"]
[EventDate "2021.02.27"]
[EventType "swiss"]
[EventRounds "7"]
[EventCountry "PAR"]
[SourceTitle "EXT 2022"]
[Source "ChessBase"]
[SourceDate "2021.10.06"]
[SourceVersion "1"]
[SourceVersionDate "2021.10.06"]
[SourceQuality "1"]

1. e4 d5 2. exd5 Qxd5 3. Nc3 Qa5 4. d4 c6 5. Nf3 Bf5 6. Bc4 e6 7. Bd2 Qc7 8. Bb3 Bd6 9. Qe2 Nf6 10. 0-0-0 Nbd7 11. Nh4 0-0 12. h3 Rfe8 13. g4 Bg6 14. Nxg6 hxg6 15. Kb1 b5 16. Ne4 Nxe4 17. Qxe4 a5 18. c3 a4 19. Bc2 c5 20. h4 Nf6 21. Qf3 b4 22. dxc5 Bxc5 23. h5 g5 24. h6 Nd5 25. hxg7 bxc3 26. Qh3 f6 27. Qh7+ 1-0

[Event "Villarrica op 1st"]
[Site "Villarrica"]
[Date "2021.02.27"]
[Round "2"]
[White "Toledo, Orlando"]
[Black "Velazquez Vigo, Gaspar Francisco"]
[Result "1-0"]
[WhiteElo "1761"]
[BlackElo "1414"]
[PlyCount "93"]
[EventDate "2021.02.27"]
[EventType "swiss"]
[EventRounds "7"]
[EventCountry "PAR"]
[SourceTitle "EXT 2022"]
[Source "ChessBase"]
[SourceDate "2021.10.06"]
[SourceVersion "1"]
[SourceVersionDate "2021.10.06"]
[SourceQuality "1"]

1. e4 d6 2. d4 Nf6 3. Nc3 g6 4. Be3 Bg7 5. Qd2 Ng4 6. Bg5 h6 7. Bh4 g5 8. Bg3 Nc6 9. Nf3 f5 10. exf5 Bxf5 11. Bb5 Bd7 12. 0-0-0 e5 13. h3 Nf6 14. dxe5 dxe5 15. Nxe5 Nxe5 16. Bxe5 Bxb5 17. Nxb5 0-0 18. Qxd8 Raxd8 19. Nxc7 Rc8 20. f3 Rf7 21. Nb5 Rc5 22. Bxf6 Bxf6 23. Nd4 Rfc7 24. c3 Rc4 25. Kb1 Re7 26. Rhe1 Rxe1 27. Rxe1 Bxd4 28. Re4 Kf7 29. Kc2 Rc6 30. Rxd4 Ke6 31. Kd3 b5 32. Rd8 a6 33. Ke4 Rc4+ 34. Ke3 Rc6 35. g3 Kf5 36. Rf8+ Kg6 37. f4 gxf4+ 38. Kxf4 Re6 39. Ra8 Rf6+ 40. Kg4 Re6 41. Kh4 Re4+ 42. g4 Ra4 43. a3 a5 44. Ra6+ Kg7 45. Kh5 b4 46. cxb4 axb4 47. Rxa4 1-0

[Event "Asuncion Preclasificatorio Mayor"]
[Site "Asuncion"]
[Date "2010.05.05"]
[Round "9"]
[White "Berni, Miguel"]
[Black "Toledo, Orlando"]
[Result "0-1"]
[WhiteElo "1722"]
[BlackElo "1784"]
[PlyCount "116"]
[EventDate "2010.04.05"]
[EventType "swiss"]
[EventRounds "9"]
[EventCountry "PAR"]
[SourceTitle "EXT 2023"]
[Source "ChessBase"]
[SourceDate "2022.10.05"]
[SourceVersion "1"]
[SourceVersionDate "2022.10.05"]
[SourceQuality "1"]

1. e4 e5 2. Nf3 Nf6 3. Nxe5 d6 4. Nf3 Nxe4 5. d3 Nf6 6. Be2 g6 7. 0-0 Bg7 8. Nc3 0-0 9. Bg5 c6 10. Qd2 Bg4 11. h3 Bxf3 12. Bxf3 Nbd7 13. d4 d5 14. Rfe1 Re8 15. Qf4 Qb6 16. Qd2 Qb4 17. Be2 Qf8 18. a3 h6 19. Be3 Re6 20. Bf3 Rae8 21. Re2 Nb6 22. b3 Nc8 23. Na4 b6 24. c4 Nd6 25. cxd5 cxd5 26. Qd3 Nfe4 27. Nc3 Nxc3 28. Qxc3 Ne4 29. Qd3 Rc8 30. Rc1 Rxc1+ 31. Bxc1 Qc8 32. Bb2 f5 33. Rc2 Rc6 34. Bd1 Rxc2 35. Bxc2 Qc7 36. Bc1 Qc3 37. Be3 Qa1+ 38. Kh2 Qxa3 39. Qb5 Qd6+ 40. g3 Kh7 41. Bf4 Qd8 42. f3 Ng5 43. Qd3 Ne6 44. Be5 Bxe5 45. dxe5 Qc8 46. g4 Qc5 47. Qd2 fxg4 48. hxg4 Qd4 49. Qe1 Qf4+ 50. Kg2 Kg7 51. Qg3 Qd2+ 52. Qf2 Qc3 53. f4 Nxf4+ 54. Qxf4 Qxc2+ 55. Kf1 Qd3+ 56. Kf2 Qc2+ 57. Kf1 Qc6 58. g5 h5 0-1